00606 2200229 4500001002100000005001700021008004100038035002400079090001500103100002400118245005900142250001100201260004200212300002900254650001300283700001700296850001500313980001500328985000600343986001200349999001500361YOGYA-0209000000426220090227020710.0 ind  0010-020900000004262 a514bRut M aRUTLEDGE, William A aModern trigonometrycWilliam A. Rutledge, John A. Pond aCet. 1 aEngle Wood ClipsbPrentice-Hallc1961 aix, 241 hlmbilusc21 cm aTopologi aPond, John A aYOPDYOG(B) a05-18-2006 a1 aMrrtrev aa000008528